ঢাকা বিশ্ববিদ্যালয় : ইতিহাস ও ঐতিহ্য / (Record no. 30940)
[ view plain ]
| 000 -LEADER | |
|---|---|
| fixed length control field | 00832nam a22002057a 4500 |
| 003 - CONTROL NUMBER IDENTIFIER | |
| control field | BDDh-ASL |
| 005 - DATE AND TIME OF LATEST TRANSACTION | |
| control field | 20231015031217.0 |
| 008 - FIXED-LENGTH DATA ELEMENTS--GENERAL INFORMATION | |
| fixed length control field | 230309s2021 b ||||| |||| 00| 0 b d |
| 040 ## - CATALOGING SOURCE | |
| Original cataloging agency | BDDh-ASL |
| Transcribing agency | BDDh-ASL |
| 041 ## - LANGUAGE CODE | |
| Language code of text/sound track or separate title | ben |
| 082 ## - DEWEY DECIMAL CLASSIFICATION NUMBER | |
| Classification number | 906.9221 |
| Item number | DHA |
| 245 00 - TITLE STATEMENT | |
| Title | ঢাকা বিশ্ববিদ্যালয় : ইতিহাস ও ঐতিহ্য / |
| 260 ## - PUBLICATION, DISTRIBUTION, ETC. | |
| Place of publication, distribution, etc. | ঢাকা: |
| Name of publisher, distributor, etc. | ঢাকা বিশ্ববিদ্যালয়, |
| Date of publication, distribution, etc. | 2021. |
| 300 ## - PHYSICAL DESCRIPTION | |
| Extent | 537 p. : |
| Dimensions | 26 cm. |
| 650 #0 - SUBJECT ADDED ENTRY--TOPICAL TERM | |
| Topical term or geographic name entry element | History of Dhaka University (ঢাকা বিশ্ববিদ্যালয়ের ইতিহাস) |
| 9 (RLIN) | 6217 |
| 700 1# - ADDED ENTRY--PERSONAL NAME | |
| Personal name | আহমেদ, শরীফ উদ্দিন |
| 9 (RLIN) | 463 |
| 700 1# - ADDED ENTRY--PERSONAL NAME | |
| Personal name | বাছির, আবদুল |
| 9 (RLIN) | 7441 |
| 700 1# - ADDED ENTRY--PERSONAL NAME | |
| Personal name | আলম, আকসাদুল |
| 9 (RLIN) | 7442 |
| 942 ## - ADDED ENTRY ELEMENTS (KOHA) | |
| Source of classification or shelving scheme | Dewey Decimal Classification |
| Koha item type | Books |
| Withdrawn status | Lost status | Source of classification or shelving scheme | Damaged status | Not for loan | Collection code | Home library | Current library | Shelving location | Date acquired | Source of acquisition | Total Checkouts | Full call number | Barcode | Date last seen | Copy number | Price effective from | Koha item type | Public note |
|---|---|---|---|---|---|---|---|---|---|---|---|---|---|---|---|---|---|---|
| Dewey Decimal Classification | Non-fiction | Asiatic Society Library | Asiatic Society Library | Dhaka Collection | 03/09/2023 | Book purchased in 2022 from Ekushey Book Fair | 906.9221 DHA | 119504 | 03/09/2023 | C-1 | 03/09/2023 | Books | Y-2021 |